000 00730nam a2200193Ia 4500
008 090124s9999 xx 000 0 und d
082 _a916
082 _b10821
100 _aशेणोलीकर ह.श्री. (हरी श्रीधर)
245 _a ज्ञानेशांची अमृतवाणी
250 _a3
260 _c1960
300 _a176
600 _aशेणोलीकर ह.श्री. (हरी श्रीधर)
630 _a ज्ञानेशांची अमृतवाणी
700 _aशेणोलीकर ह.श्री. (हरी श्रीधर)
730 _a ज्ञानेशांची अमृतवाणी
942 _cBOOK
999 _c124965
_d124965